Statistiques concernant Théoricien de l'analyse des échanges internationaux

Cliquez ici pour prendre le quiz!

Statistiques générales

  • Ce quiz a été pris 0 fois
  • Le résultat moyen est 0 sur 51

Statistiques - réponses

AuteurOeuvres et Date avec virguleCitation% Correct
Jules Méline1838-1925
0%
Léontief1953
0%
Tadeus Rybczynski1955
0%
Mundell1957
0%
Bhagwati1958
0%
Baldwin1971
0%
Krugman1993"Le libre-échange est un bon produit même s'il n'est pas une politique parfaite car un effort pour s'en écarter de façon sophistiquée procure probablement plus de difficultés que de bienfaits"
0%
Dollar & Kray2001
0%
Guilbert & Levy-Brhul2002coûts 40k emplois par an 1980-90 mais gains 70K par an 1990-2000
0%
Trefler2004( Hausse de la productivité de 15% dans les secteurs affectés par l'ouverture des frontières du Canada après l'accord de LE avec les US en 1989 )
0%
Romalis2004
0%
Barlet et al2009Baisse moyenne de l'emploi de 2,5% 2000-15 du textile et habillement en France
0%
Bloom2016
0%
LinderAn essay on trade and transformation, 1961"La marché international n'est rien d'autre qu'une extension, au-delà des frontières nationales, de la propre activité du pays"
0%
David HumeDe la Balance du Pouvoir, 1752
0%
KeynesDe l'autosuffisance nationale, 1933
0%
MontesquieuDe l'esprit des lois, 1748"Partout où il y a des moeurs douces, il y a du commerce , et partout où il y a du commerce il y a des moeurs douces"
0%
David RicardoDes principes de l'économie politiques et de l'impôt, 1817
0%
Karl MarxDiscours sur la Question du libre-échange, 1848"Le système de liberté commerciale hâte la révolution sociale.C'est seulement dans ce sens révolutionnaire que je vote en faveur du libre-échange"
0%
Brander & SpencerExport subsidies and international market share rivalries, 1995
0%
AsselainFaut-il défendre la croissance ouverte ?
0%
KrugmanGeography and Trade, 1991
0%
MilanovicGlobal inequality, 2016"elephant curve"
0%
O'RourkeGlobalization and inequality: Historical trends, 2001
0%
Broda & WeinsteinGlobalization and the gains from variety, 2006
0%
VernonInternational investment and international trade in product cycle, 1966
0%
SamuelsonInternational trade and equalization of factor prices, 1948
0%
PosnerInternational trade and technological change, 1961
0%
OhlinInterregional and international trade, 1933"L'échange internationales un échange de facteurs abondants contre des facteurs rare"
0%
Lassudrie-DucheneLa demande de différence et l'échange international, 1971"Préférence pour la variété"
0%
Todd & SapirLa démondialisation, 2011mythe "mondialisation heureuse"
0%
KrugmanLa mondialisation n'est pas coupable, 1998Plus tard elle sera coupable selon lui en 2007
0%
Crozet & MayerLe club très sélect des firmes exportatrices, 2007
0%
Bignon & Garcia-PenalosaLe coût à long terme du protectionnisme sur l'éducation, 2017
0%
KaldorLe protectionnisme d'industrie sénescentes, 1966
0%
Lassudrie-DucheneLes échanges intra branche, 1979
0%
El Mouhoub MouhoubMondialisation et délocalisation des entreprises, 2006
0%
BairochMythes et paradoxes de l'histoire économiques, 1993"Dans un monde libéral, celui qui ne joue pas le jeu gagne"
0%
RodrikNations et mondialisation, 2008
0%
Emlinger & Fontagné(Not) Made in France, 2013
0%
Stuart MillPrincipes d'économie politique, 1848
0%
Stopper & SamuelsonProtection and real wages, 1941
0%
Alexander HamiltonRapport sur les manufactures, 1791
0%
Adam SmithRecherche sur la nature et les causes de la Richesse des nations, 1776
0%
ListSystème national d'économie politique, 1840"Les restrictions ne sont qu'un moyen et la liberté est un but"
0%
Buchanan & TullockThe calculus of consent, 1962
0%
HecksherThe effects of foreign trade on the distribution of income, 1919
0%
OlsonThe logic of collective action, 1965
0%
ChamberlinThe theory of monopolistic competition, 1933
0%
Rodriguez & RodrikTrade policy and growth, 2001"It is not openness per se that matters; it is how you handle it"
0%
Antoine de MontchrestienTraité d'économie politique, 1615
0%

Distribution des résultats

Percentile par nombre de réponses

% des personnes avec chaque résultat

Votre développement - résultats

Vous n’avez pas pris ce quiz